000
00235 a2200097 4500
001
31187
100
_a
Chen, Chi-Tsong
245
_a
Linear System theory and design
260
_a
N Y
_b
Oxford University press
_c
090
_c
21196
_d
21196
942
_a
NUST-CAE
_c
M
_c
12443
999
_c
266260
_d
266260